00461nam a2200193Ia 4500003000400000005001700004008004100021020001800062040000700080041000800087082002100095100002800116245002700144260002900171300001700200365001300217650002300230650001400253OSt20230412123702.0210423s2008 xx 000 0 und d a9780230226463 cAL aeng a338.7 223bMULC aMULHEARN (Chris);others aEconomics for business aNew YorkbPalgravec2008 axiii,417bPB b759cINR aBusiness Economics aEconomics